000 00558nam a2200193 a 4500
001 0001-1514
003 ELIB.Books
008 170518 2010 eng
092 _a500 Nsf
_bNational Science Foundation
100 _aNational Scinece Foundation
245 _aFoundation
_bThe Challenge and Promise of K-8 Science Educaiton Reform
260 _bNCF Press
300 _a99
_c22.5cm
650 _aNature Science and Mathematics
942 _2ddc
_cBK
990 _a1
998 _aEnglishbooks.elf
_ccat
_e2017-05-18
999 _c11514
_d11514